000 00985nam a22002657a 4500
003 BD-DhSAU
005 20210921093019.0
008 151014b2019 bg ||||| |||| 001 0 eng d
040 _aBD-DhSAU
082 _222
_a571.92
_bAh52
100 _a Ahmed , Montasir
_eRegistration No: 08-02819
245 _aPhenotypic and molecular identification of Blast resistance Genes in Rice germplasm /
_bMS Thesis
260 _aSher-e- Bangla Agricultural University :
_bDepartment of Plant Pathology,
_c2019
300 _avii, 50 p. :
_bill. ;
_c30 cm.
504 _aIncludes Bibliographic Reference
590 _aShofi
650 _aPlant Pathology
650 _aPhenotypic and molecular identification
650 _aBlast resistance Genes
650 _aRice
700 _aAminuzzaman , F. M.
_eSupervisor
700 _aAnsari , Tahmid Hossain
_eCo-Supervisor
856 _uhttp://archive.saulibrary.edu.bd:8080/xmlui/handle/123456789/3202
_yOnline Access
942 _2ddc
_cTHESIS
999 _c15114
_d15113